000 00222 a2200097 4500
001 27706
100 _aNorris, B
245 _aElectronic power control & digital Tech.
260 _a
_bMcGraw-Hill
_c
090 _c18479
_d18479
942 _aNUST-CAE
_cM
_c9423
999 _c262779
_d262779